00887nam a22002297a 45000010005000000030006000050050017000110080041000280200019000690400034000880500015001220820013001371000026001502450038001762600037002143000043002515050007002945200300003015210019006015210018006207000019006384091FISKH20240606132923.0240606b cb ||||| |||| 00| 0 eng d a9780545405744  aFISKH beng cFISKH dFISKH  aF592.S123  a978.004  aNorwich Grace d1911  aI am sacagawea / cGrace Norwich  aNew York : bScholastic, c2012  a128 pages : billustrations ; c2o cm  aZ  aA biography of Shoshoni Indian Sacagawea, known for guiding the Lewis and Clark expedition across the western half of the United States from 1804 to 1806, discussing her childhood and kidnapping by the Hidatsa tribe, her marriage to Toussaint Charbonneau, and the mystery surrounding her death. 8 a1010 bLexile 8 aZ bRaz-Plus  aGrace Norwich